• 首页
  • 本馆介绍
  • 公告通知
  • 最新文献
  • 馆藏检索
  • 电子资源
  • 读者导购
  • 参考咨询
  • 我的图书馆
  • 登录
  • 详细信息显示
  • 放入我的书架
  • 预约/预借图书
  • 作者相关作品
  • 分类相关作品
  • 丛书相关作品
  • 出版社相关作品

书目信息

  • 表格格式
  • 工作单格式
  • 卡片格式
题名:
质量员
    
 
作者: 陈远吉 , 宁平 主编
分册:  
出版信息: 南京   江苏人民出版社  2020.7
页数: 275页
开本: 26cm
丛书名:
单 册:
中图分类: TU712.3
科图分类:
主题词: 建筑工程--质量管理--技术教育--教材
电子资源:
ISBN: 978-7-214-07456-0
000 00883nam0 2200253 45
001 012001000203
005 20140910165139.0
010    @a978-7-214-07456-0@dCNY39.00
100    @a20120417d2012 em y0chiy50 ea
101 0  @achi
102    @aCN@b320000
105    @ay z 000yy
106    @ar
200 1  @a质量员@Azhi liang yuan@b专著@f陈远吉,宁平主编
210    @a南京@c江苏人民出版社@d2020.7
215    @a275页@d26cm
300    @a住房和城乡建筑领域专业技术管理人员培训教材
330    @a本书内容包括:施工质量管理的基本知识、建筑地基基础工程的质量控制、砌体工程的质量控制、混凝土结构工程的质量控制、钢结构工程的质量控制等。
606 0  @a建筑工程@x质量管理@x技术教育@j教材
690    @aTU712.3@v5
701  0 @a陈远吉@Achen yuan ji@c(图书编辑)@4主编
701  0 @a宁平@Aning ping@c(图书编辑)@4主编
801  0 @aCN@bBJSDL@c20211011
905    @b1330780-3@dTU712.3@e1831@f4
    
    质量员/陈远吉,宁平主编.-南京:江苏人民出版社,2020.7
    275页;26cm
    住房和城乡建筑领域专业技术管理人员培训教材
    
    ISBN 978-7-214-07456-0:CNY39.00
    本书内容包括:施工质量管理的基本知识、建筑地基基础工程的质量控制、砌体工程的质量控制、混凝土结构工程的质量控制、钢结构工程的质量控制等。
●
相关链接 在E读中查询图书 在五车中查询图书 在当当中查询图书 在豆瓣中查询图书


正题名:质量员     索取号:TU712.3/1831         预约/预借

序号 登录号 条形码 馆藏地/架位号 状态 备注
1 1330780   213307802   第二样本阅览室/ [索取号:TU712.3/1831] 在馆    
2 1330781   213307811   第三借阅区/ [索取号:TU712.3/1831] 在馆    
3 1330782   213307820   第三借阅区/ [索取号:TU712.3/1831] 在馆    
4 1330783   213307839   第三借阅区/ [索取号:TU712.3/1831] 在馆    
唐山师范学院图书馆 欢迎您!
大连网信软件有限公司© 版权所有